Responses for Show #7619 - Thursday, October 26, 2017

Contestants

[<< previous game]

Phil Kohn, a retired engineer from Colonia, New Jersey

Erica Irving, a web developer from Washington, D.C.

Nan Bauer, a writer from Brooklyn, Michigan (whose 3-day cash winnings total $36,601)

[next game >>]

Jeopardy! Round responses

RUINING THE RUMORS
DECADE, PLEASE
WEIGHTS & MEASURES
ALL ARE INVITED
HOW TO BE A LATIN LOVER
SONGS ON LIP SYNC BATTLE
    $200 7
Twinkies

Nan
    $200 2
(Phil: What is the 1960s?)
...
(Alex: 1959, Alaska.)

the '50s

NanPhil
    $200 5
acres

Phil
    $200 10
general

Erica
    $200 1
the dog

Phil
    $200 19
Snoop Dogg

Phil
    $400 8
Rosie the Riveter

Nan
    $400 4
the '60s

Phil
    $800 15
20

Phil
    $400 11
the gallery

Phil
    $400 3
ad hoc

Phil
    $400 21
"Umbrella"

Nan
    $600 9
bumblebees

Phil
    $600 6
(Phil: What is 2000s?)
(Nan: What is the '70s?)

the 1990s

NanPhil
Triple Stumper
    $600 16
a lightyear

Nan
    $600 20
(Phil: What are Poker Olympics?)

the World Series of Poker

EricaPhil
    $600 12
ad infinitum

Nan
    $600 22
John Legend

Nan
    $800 17
cracking your knuckles

Erica
    $800 27
the '70s

Nan
    $800 29
(Phil: What is a jig? Or [*]?)

jigger

Phil
    $800 25
Evite

Nan
    $800 13
bellum

Phil
    $800 23
ABBA

Nan
    $1000 18
a Nova

Nan
    $1000 28
(Phil: What is the '40s?)
...
(Alex: Happened in '35.)

the 1930s

NanPhil
    $1000 30
troy ounce

Phil
    $1000 26
the Hugo Awards

Triple Stumper
    $1000 14
compos mentis

Phil
    $1000 24
"Proud Mary"

Nan

Scores at the first commercial break (after clue 15):

Nan Erica Phil
$800 $200 $4,000

Scores at the end of the Jeopardy! Round:

Nan Erica Phil
$7,800 $1,600 $4,400

Double Jeopardy! Round responses

REAL PEOPLE ON QUARTERS
WORLD OF TELESCOPES
OLD POETS' NICKNAMES
AFTER DINNER
(Alex: Each correct response will begin with "D-I" and will come after "dinner" in the dictionary.)
THE GIRL WITH THE DRAGON
TATTOO
    $400 18
Frederick Douglass

Nan
    $400 11
(Erica: What is Australia?)

South Africa

NanErica
    $400 12
Shakespeare

Erica
    $400 9
dinosaurs

Erica
    $400 1
Drogon

Erica
    $400 6
Ink Master

Erica
    $800 19
(Nan: Who are the Wright brothers?)
(Phil: Who are... Wright?)

North Carolina

NanPhil
Triple Stumper
    $800 27
Arizona

Erica
    $800 13
Walt Whitman

Triple Stumper
    $800 10
a diocese

Phil
    $800 2
(Phil: Who are the Masters of the Universe?)

the X-Men

EricaPhil
    $800 7
Chinese

Triple Stumper
    $1200 20
Theodore Roosevelt

Nan
    $1200 28
(Phil: What is...)
(Erica: What is Mauna Loa?)

Mauna Kea

EricaPhil
Triple Stumper
    $1200 14
Ralph Waldo Emerson

Triple Stumper
    $1200 15
a diphthong

Erica
    $2,000 3
the goblet of fire

Erica
    $1200 8
a laser

Nan
    $1600 23
Battle of Lake Erie

Triple Stumper
    $1600 29
Puerto Rico

Phil
    $1600 21
William Wordsworth

Triple Stumper
    $1600 16
a diode

Nan
    $1600 4
Angelina Jolie

Erica
    $1600 24
Leviticus

Nan
    $2000 26
Caesar Rodney

Erica
    $3,000 30
(Phil: What is the U.S.?)

Belgium

Phil
    $2000 22
(Nan: Who is Alfred, Lord Tennyson?)

Milton

NanErica
    $2000 17
a dirndl

Erica
    $2000 5
(Nan: What is Howl's Moving Castle?)

Spirited Away

Nan
Triple Stumper
    $2000 25
stippling

Triple Stumper

Scores at the end of the Double Jeopardy! Round:

Nan Erica Phil
$9,400 $14,000 $1,000

[wagering suggestions for these scores]

Final Jeopardy! Round responses

BOARD GAMES
PhilWhat is Clue?
$0
NanWhat is Clue?
$7,200
EricaWhat is Clue?
$4,801
Clue

Final scores:

Nan Erica Phil
$16,600 $18,801 $1,000
2nd place: $2,000 New champion: $18,801 3rd place: $1,000

Game dynamics:

Coryat scores:

Nan Erica Phil
$9,400 $13,200 $3,600
19 R,
4 W
15 R
(including 1 DD),
2 W
14 R
(including 1 DD),
8 W
(including 1 DD)

Combined Coryat: $26,200

[game] [game scores] [suggest correction]

Game tape date: 2017-08-07
The J! Archive is created by fans, for fans. Scraping, republication, monetization, and malicious use prohibited; this site may use cookies and collect identifying information. See terms. The Jeopardy! game show and all elements thereof, including but not limited to copyright and trademark thereto, are the property of Jeopardy Productions, Inc. and are protected under law. This website is not affiliated with, sponsored by, or operated by Jeopardy Productions, Inc. Join the discussion at JBoard.tv.